| 000 | 00642nam a2200217 i 4500 | ||
|---|---|---|---|
| 001 | 67445 | ||
| 003 | ES-MaACL | ||
| 005 | 20230906170054.0 | ||
| 007 | t| | ||
| 008 | 040526s2002 sp ||||0| spa d | ||
| 020 | _a84-95486-41-5 | ||
| 040 |
_aM-BN _bspa _cM-BN |
||
| 080 | _a316.774:004 | ||
| 080 | _a316.325 | ||
| 245 | 0 | 3 | _aLa tecnología de la información y sus desafíos. |
| 260 |
_aMadrid : _bSociedad Estatal España Nuevo Milenio, _c2002. |
||
| 300 |
_a467 p. ; _c25 cm. |
||
| 650 | 1 | 4 |
_aSociedad de la información. _917174 |
| 710 | 2 |
_aSociedad Estatal España Nuevo Milenio. _96758 |
|
| 852 |
_aES-MaACL _jL-27683 _bR.133591 |
||
| 999 |
_c67445 _d67445 |
||